আবুল মাল আবদুল মুহিত রচনাবলি / ১০ম খন্ড (Record no. 13931)
[ view plain ]
| 000 -LEADER | |
|---|---|
| fixed length control field | 00885nam a22002297a 4500 |
| 001 - CONTROL NUMBER | |
| control field | BD-DhSAU 1016 |
| 003 - CONTROL NUMBER IDENTIFIER | |
| control field | BD-DhSAU |
| 005 - DATE AND TIME OF LATEST TRANSACTION | |
| control field | 20170502172429.0 |
| 008 - FIXED-LENGTH DATA ELEMENTS--GENERAL INFORMATION | |
| fixed length control field | 150110b২০১৬ bg a||||r|||| 00| 0 ben d |
| 020 ## - INTERNATIONAL STANDARD BOOK NUMBER | |
| International Standard Book Number | 9789849165743 |
| 040 ## - CATALOGING SOURCE | |
| Original cataloging agency | BD-DhSAU |
| 082 ## - DEWEY DECIMAL CLASSIFICATION NUMBER | |
| Edition number | 22 |
| Classification number | 320 |
| Item number | M892 |
| 100 ## - MAIN ENTRY--PERSONAL NAME | |
| Personal name | মুহিত, আবুল মাল আবদুল |
| 245 ## - TITLE STATEMENT | |
| Title | আবুল মাল আবদুল মুহিত রচনাবলি / ১০ম খন্ড |
| Statement of responsibility, etc. | আবুল মাল আবদুল মুহিত |
| 260 ## - PUBLICATION, DISTRIBUTION, ETC. (IMPRINT) | |
| Place of publication, distribution, etc. | ঢাকা : |
| Name of publisher, distributor, etc. | উৎস প্রকাশন, |
| Date of publication, distribution, etc. | ২০১৬ |
| 300 ## - PHYSICAL DESCRIPTION | |
| Extent | ৮২০ পৃ. : |
| Dimensions | ২২ সেমি। |
| 440 ## - SERIES STATEMENT/ADDED ENTRY--TITLE | |
| Volume/sequential designation | ১০ম খন্ড |
| 504 ## - BIBLIOGRAPHY, ETC. NOTE | |
| Bibliography, etc | রেফারেস্স সম্বলিত |
| 590 ## - Name of Cataloguer | |
| Name of Cataloger | কামিম |
| 650 ## - SUBJECT ADDED ENTRY--TOPICAL TERM | |
| Topical term or geographic name as entry element | রাজনীতি ও সরকার |
| 942 ## - ADDED ENTRY ELEMENTS (KOHA) | |
| Source of classification or shelving scheme | Dewey Decimal Classification |
| Koha item type | Book |
| Withdrawn status | Lost status | Source of classification or shelving scheme | Damaged status | Not for loan | Collection code | Home library | Branch Name | Shelving location | Date acquired | Total Checkouts | Full call number | Barcode | Date last seen | Price effective from | Koha item type |
|---|---|---|---|---|---|---|---|---|---|---|---|---|---|---|---|
| Dewey Decimal Classification | Not For Loan | Reference | SAU Library | SAU Library | Reference | 02/03/2017 | 320 M892 | 40019 | 02/05/2017 | 02/05/2017 | Book | ||||
| Dewey Decimal Classification | SAU Library | SAU Library | 02/03/2017 | 320 M892 | 40029 | 02/05/2017 | 02/05/2017 | Book |
